| 000 | 00572nam a22001817a 4500 | ||
|---|---|---|---|
| 999 |
_c14166 _d14166 |
||
| 003 | AR-CdUCM | ||
| 008 | 190422b ||||| |||| 00| 0 spa d | ||
| 020 | _a978-84-9825-838-7 | ||
| 040 |
_aMUNICIPALIDAD PROVINCIAL DEL CUSCO _cBIBLIOTECA MUNICIPAL DEL CUSCO |
||
| 082 |
_aPI / 802 / _bJ79 |
||
| 100 |
_aJoyce, William _932841 |
||
| 245 |
_aSandy : _blos guardianes de la infancia / |
||
| 260 |
_aBarcelona : _bCombel, _c2012. |
||
| 300 |
_a44 páginas ; _bIlustraciones, _c26 cm. |
||
| 650 |
_aCuentos infantiles _93927 |
||
| 942 |
_2ddc _cLIBROS |
||
| 945 |
_aacv _d2019-04-22 |
||